| 000 | 00934nam a2200217Ia 4500 | ||
|---|---|---|---|
| 003 | Ost | ||
| 005 | 20260507075507.0 | ||
| 008 | 260507s9999||||xx |||||||||||||| ||und|| | ||
| 020 | _a9789957701291 | ||
| 040 | _cfsecg | ||
| 041 | _aara | ||
| 082 | _a350 | ||
| 100 |
_aالظاهر، نعيم إبراهيم _eمؤلف |
||
| 245 | 0 |
_aأساسيات الإدارة : _bالمبادئ والتطبيقات الحديثة / _c نعيم إبراهيم الظاهر |
|
| 260 |
_aعمان: _bعالم الكتب الحديث, _c2009 |
||
| 300 |
_a273 صفحة؛ _bإيضاحات ؛ _c25 سم |
||
| 504 | _aببليوغرافيا:ص ص.268-273 | ||
| 520 | _aفي المفاهيم والمصطلحات الإدارية،المدخل إلى الادارة،المدارس والنظريات الإدارية،وظائف الإدارة الرئيسية،الإدارة في الإسلام | ||
| 653 | _aالإدارة | ||
| 942 | _cكتاب | ||
| 999 |
_c44719 _d44719 |
||